000 00379nam a2200157Ia 4500
008 240729s9999 xx 000 0 und d
022 _a2581-7507
245 0 _aTo Chemistry Journal
260 _aIndia
260 _bPURKH
650 _a Chemistry
650 _aScience
856 _uhttps://doaj.org/toc/d4ab271550d141e1b9c29775c9735ef7
942 _2ddc
942 _cDOAJEJ
999 _c70131
_d70131
945 _a1
_bMadushi Gamage
_c1
_dMadushi Gamage